<Der> Handel Zeitschrift für Theorie und Praxis des Binnenhandels in der DDR

Na minha lista:
Detalhes bibliográficos
Formato: Periódico
Idioma:alemão
Publicado em: Berlin Wirtschaft 1989
Tags: Adicionar Tag
Sem tags, seja o primeiro a adicionar uma tag!

MARC

LEADER 00000nas2a2200000 4500
001 s036672
005 20250730114147.8
041 0 |a ger 
044 |a DE 
245 1 0 |a <Der> Handel  |b Zeitschrift für Theorie und Praxis des Binnenhandels in der DDR 
264 1 |a Berlin  |b Wirtschaft  |c 1989 
300 |a 1 zv. 
773 0 |w eu_un_cat*s120195